Giáo trình cài đặt và điều hành mạng máy tính

Shranjeno v:
Bibliografske podrobnosti
Glavni avtor: Nguyễn, Vũ Sơn
Format: Knjiga
Jezik:Undetermined
Izdano: Hà Nội Giáo dục 2004
Teme:
Oznake: Označite
Brez oznak, prvi označite!
Thư viện lưu trữ: Trung tâm Học liệu Trường Đại học Cần Thơ
LEADER 00557nam a2200193Ia 4500
001 CTU_64041
008 210402s9999 xx 000 0 und d
020 |c 12000 
082 |a 004.6 
082 |b S464 
100 |a Nguyễn, Vũ Sơn 
245 0 |a Giáo trình cài đặt và điều hành mạng máy tính 
245 0 |c Nguyễn Vũ Sơn 
260 |a Hà Nội 
260 |b Giáo dục 
260 |c 2004 
650 |a Computer networks 
904 |i Trọng Hải 
980 |a Trung tâm Học liệu Trường Đại học Cần Thơ